Gminy powiatu pajęczańskiego - Statystyki

Ogólne statystyki
  • Ten quiz został rozwiązany 31 razy
  • Średni wynik to 5 z 8
Statystyki odpowiedzi
Rodzaj Nazwa % Poprawnych
Miejsko-wiejska Pajęczno
100%
Miejsko-wiejska Działoszyn
91%
Wiejska Siemkowice
73%
Wiejska Nowa Brzeźnica
55%
Wiejska Rżąśnia
55%
Wiejska Strzelce Wielkie
45%
Wiejska Sulmierzyce
36%
Wiejska Kieczygłów
9%
Nie znaleziono quizów pasujących do podanych kryteriów
Rozkład punktacji
Procent ludzi z każdym wynikiem
Percentyl według liczby udzielonych odpowiedzi
Twoja historia wyników
Nie rozwiązałeś tego quizu